Sanayide uygulanacak ana politikalar (Record no. 3692)

MARC details
000 -BAŞLIK
Sabit Uzunlukta Kontrol Alanı 00847na a2200253 4500
001 - KONTROL NUMARASI
Denetim Alanı 19278
003 - KONTROL NUMARASI IDENTIFIER
Denetim Alanı MIRAKIL
005 - SON İŞLEM TARİHİ VE ZAMANI
Denetim Alanı 20181213154940.0
008 - SABİT-BOY VERİ ELEMANLARI - GENEL BİLGİLER
Sabit Uzunlukta Kontrol Alanı 161213b tu 000 0
035 ## - SİSTEM KONTROL NUMARASI
Sistem Kontrol Numarası 19278
040 ## - KATALOGLAMA KAYNAK
Orijinal Kataloglama Ajansı Milas
Kataloglama Dili tur
Metne Dönüştürmek Ajansı TR-AnCHP
041 ## - DİL KODU
Metin / Ses Parça Veya Ayrı Başlığın Dil Kodu tur
082 ## - DEWEY ONLU SINIFLANDIRMA NUMARASI
Sınıflandırma Numarası 338.9547
Ürün Numarası S25 1989
090 ## - SINIFLAMA NUMARASI
Sınıflama Numarası 338.9547 S25 1989
245 ## - BAŞLIK TABLOSU
Başlık Sanayide uygulanacak ana politikalar
Başlığın Kalan Petrokimya ve ilgili sektörler
Sorumluluk Tablosu, Vb Hazırlayanlar Gündüz Pamuk, ...[ve öte.]
260 ## - YAYIN, DAĞITIM, VB
Yayın, Dağıtım, Vb Yeri [y.y.]
Yayıncı, Dağıtıcı, Vs Adı TÜSES Yayınları
Yayın, Dağıtım, Vb Tarihi 1989
300 ## - FİZİKSEL TANIM
Kapsam 55, 3, [30] s.
Diğer Fiziksel Ayrıntıları tbl.; grf.
Boyutlar 30 sm.
504 ## - KAYNAKÇA VB NOT
Kaynakça Vb Notu Kaynakça var.
650 ## - KONU KATMA GİRİŞ - TOPİKAL DÖNEM
Topikal Süreli Veya Coğrafi Ad Giriş Elemanı Sanayi politikaları
Genel Alt Bölümü Sektörler
Kronolojik Alt Bölümü Petrokimya
650 ## - KONU KATMA GİRİŞ - TOPİKAL DÖNEM
Topikal Süreli Veya Coğrafi Ad Giriş Elemanı Ekonomi politikaları
Genel Alt Bölümü Petrokimya
Coğrafi Alt Bölümü Türkiye
700 ## - KATMA GİRİŞ - KİŞİSEL İSİM
Kişisel Ad Pamuk, Gündüz
830 ## - SERİSİ EKLENDİ GİRİŞ - ÜNİFORM ADI
Üniforma Başlık Türkiye Sosyal Ekonomik Siyasal Araştırmalar Vakfı Yayınları
942 ## - EKLENDİ GİRİŞ ELEMANLARI (KOHA)
Sınıflandırma Veya Raf Düzeni Kaynak Dewey Decimal Classification
Koha Öğesi Türü Books
999 ## - SİSTEM KONTROL NUMARALARI (KOHA)
Koha Biblionumber 3692
Koha Biblioitemnumber 3692
Holdings
Kalıcı Konum Mevcut Konum Edinme Tarihi Edinim Kaynak Toplam Check-Out'Lar Tam Çağrı Numarası Barkod Tarih Son Görülme İtibaren Geçerli Fiyatlar Koha Öğesi Türü
CHP Kütüphanesi CHP Kütüphanesi 12/13/2016 Bağış   338.9547 S25 1989 011525 12/13/2016 12/13/2016 Books